000 002530000a22001210004500
041 0 _aeng
082 0 4 _aCD 066
110 1 _aBiemStemra
245 1 0 _aRelaxation nature / BiemStemra
505 0 0 _aMúsica naturaleza CD Nº 3
001 1067
942 _cLGB
999 _c48243
_d48243